| 000 | 00000nam##2200000za#4500 |
| 001 | 9.577882 |
| 003 | CaOODSP |
| 005 | 20210624185826 |
| 007 | cr ||||||||||| |
| 008 | 150406|1982||||xxc|||||o f|0| 0 eng|d |
| 022 | |a1488-5387 |
| 040 | |aCaOODSP|beng |
| 043 | |an-cn--- |
| 086 | 1 |aFs97-4/1658E-PDF |
| 110 | 1 |aCanada. |bDepartment of Fisheries and Oceans. |
| 245 | 10|aAbalone biology, fishery regulations, commercial catch (1952-1980) and current state of resource in British Columbia / |h[electronic resource]|cby A.Y. Fedorenko and P.E. Sprout. |
| 260 | |aPrince Rupert - British Columbia : |bFisheries and Oceans Canada |cJune 1982. |
| 300 | |a82p.|bgraphs, maps, references, tables, photographs |
| 490 | 1 |aCanadian manuscript report of fisheries and aquatic sciences|x1488-5387|vNo. 1658 |
| 500 | |aThe catalogue number (Fs97-4/1658) and ISSN (0706-6473) for the print edition have been incorrectly copied in this electronic publication. |
| 546 | |a(Résumé en français) |
| 590 | |a13-25-Supp|b2013-10-28 |
| 690 | 07|aFisheries management|2gcpds |
| 690 | 07|aFisheries policy|2gcpds |
| 690 | 07|aShellfish|2gcpds |
| 720 | 1 |aFedorenko, A. Y. |
| 720 | 1 |aSprout, P. E. |
| 830 | #0|aCanadian manuscript report of fisheries and aquatic sciences,|x1488-5387|vNo. 1658|w(CaOODSP)9.505211 |
| 856 | 40|ahttp://publications.gc.ca|qPDF|s16.82 MB|uhttps://publications.gc.ca/collections/collection_2013/mpo-dfo/Fs97-4-1658-eng.pdf|yNo. 1658 |